[Event "Campeonato España Sub 14"]
[Site "Salobreña"]
[Date "2017.07.21"]
[Round "8"]
[White "Blesa Fernandez, Ignacio"]
[Black "Ros Alonso, Joana"]
[Result "1-0"]
[Board "9"]
[WhiteClock "1:30"]
[WhiteElo "1814"]
[WhiteCountry "ESP"]
[WhiteFideId "32061943"]
[WhiteEloChange "14"]
[BlackClock "1:30"]
[BlackElo "1966"]
[BlackCountry "ESP"]
[BlackFideId "32013426"]
[BlackEloChange "-14"]

1. e4 {[%clk 1:30:00]} e6 {[%clk 1:30:00]} 2. d4 {[%clk 1:30:00]} d5 {[%clk
1:31:00]} 3. Nc3 {[%clk 1:30:00]} Bb4 {[%clk 1:31:00]} 4. e5 {[%clk 1:30:00]} Ne7
{[%clk 1:31:00]} 5. a3 {[%clk 1:30:00]} Bxc3+ {[%clk 1:32:00]} 6. bxc3 {[%clk
1:30:00]} c5 {[%clk 1:32:00]} 7. Qg4 {[%clk 1:30:00]} Qc7 {[%clk 1:32:00]} 8.
Qxg7 {[%clk 1:29:00]} Rg8 {[%clk 1:33:00]} 9. Qxh7 {[%clk 1:29:00]} cxd4 {[%clk
1:33:00]} 10. Ne2 {[%clk 1:29:00]} Nbc6 {[%clk 1:33:00]} 11. f4 {[%clk 1:29:00]}
Bd7 {[%clk 1:34:00]} 12. h4 {[%clk 1:28:00]} dxc3 {[%clk 1:27:00]} 13. h5 {[%clk
1:27:00]} O-O-O {[%clk 1:15:00]} 14. Qd3 {[%clk 1:27:00]} Nf5 {[%clk 1:06:00]}
15. h6 {[%clk 1:12:00]} Rg6 {[%clk 1:02:00]} 16. h7 {[%clk 1:07:00]} Rh8 {[%clk
1:02:00]} 17. g3 {[%clk 1:07:00]} Rg7 {[%clk 0:58:00]} 18. Rb1 {[%clk 0:59:00]}
Na5 {[%clk 0:46:00]} 19. Rb4 {[%clk 0:39:00]} Nc4 {[%clk 0:38:00]} 20. Qxc3
{[%clk 0:38:00]} Nce3 {[%clk 0:28:00]} 21. Qxc7+ {[%clk 0:36:00]} Kxc7 {[%clk
0:28:00]} 22. Bxe3 {[%clk 0:33:00]} Nxe3 {[%clk 0:29:00]} 23. Rb3 {[%clk
0:32:00]} Nxf1 {[%clk 0:26:00]} 24. Rxf1 {[%clk 0:32:00]} Rgxh7 {[%clk 0:25:00]}
25. Kf2 {[%clk 0:30:00]} Rh1 {[%clk 0:16:29]} 26. Rxh1 {[%clk 0:29:00]} Rxh1
{[%clk 0:16:44]} 27. Nd4 {[%clk 0:29:00]} Ba4 {[%clk 0:10:32]} 28. Rc3+ {[%clk
0:29:00]} Kd7 {[%clk 0:09:04]} 29. Rd3 {[%clk 0:24:00]} Bxc2 {[%clk 0:07:35]} 30.
Rc3 {[%clk 0:23:00]} Ba4 {[%clk 0:07:07]} 31. g4 {[%clk 0:23:00]} Rh2+ {[%clk
0:06:24]} 32. Kg3 {[%clk 0:13:59]} Rd2 {[%clk 0:06:05]} 33. Nf3 {[%clk 0:14:18]}
Rc2 {[%clk 0:05:59]} 34. Rd3 {[%clk 0:14:42]} Rb2 {[%clk 0:03:08]} 35. Nd4 {[%clk
0:14:33]} Bb5 {[%clk 0:01:41]} 36. Rd1 {[%clk 0:11:23]} Bc4 {[%clk 0:01:44]} 37.
f5 {[%clk 0:11:30]} Ra2 {[%clk 0:01:45]} 38. Rb1 {[%clk 0:11:25]} Rxa3+ {[%clk
0:01:41]} 39. Kf4 {[%clk 0:11:53]} Rd3 {[%clk 0:00:46]} 40. Nxe6 {[%clk 0:10:37]}
fxe6 {[%clk 0:00:44]} 41. Rxb7+ {[%clk 0:11:05]} Kc8 {[%clk 0:00:57]} 42. Rxa7
{[%clk 0:11:00]} exf5 {[%clk 0:00:57]} 43. gxf5 {[%clk 0:11:00]} Rd1 {[%clk
0:00:57]} 44. e6 {[%clk 0:11:00]} Kd8 {[%clk 0:00:57]} 45. Ke5 {[%clk 0:11:00]}
Re1+ {[%clk 0:00:57]} 46. Kd6 {[%clk 0:11:00]} Kc8 {[%clk 0:00:57]} 47. f6 {[%clk
0:11:00]} d4 {[%clk 0:00:57]} 48. Rc7+ {[%clk 0:11:00]} Kb8 {[%clk 0:00:57]} 49.
Rxc4 {[%clk 0:11:00]} d3 {[%clk 0:00:57]} 50. Rd4 {[%clk 0:11:00]} Rf1 {[%clk
0:00:57]} 51. f7 {[%clk 0:11:00]} 1-0

[Event "Campeonato España Sub 14"]
[Site "Salobreña"]
[Date "2017.07.21"]
[Round "8"]
[White "Bustos Bernardo, Diego"]
[Black "Carbonell Sancho, Marc"]
[Result "1/2-1/2"]
[Board "10"]
[WhiteClock "1:30"]
[WhiteElo "1589"]
[WhiteCountry "ESP"]
[WhiteFideId "24523372"]
[WhiteEloChange "8"]
[BlackClock "1:30"]
[BlackElo "1943"]
[BlackCountry "ESP"]
[BlackFideId "32029969"]
[BlackEloChange "-8"]

1. Nf3 {[%clk 1:30:00]} Nf6 {[%clk 1:30:00]} 2. g3 {[%clk 1:31:00]} g6 {[%clk
1:31:00]} 3. Bg2 {[%clk 1:31:00]} Bg7 {[%clk 1:31:00]} 4. d4 {[%clk 1:31:00]} O-O
{[%clk 1:32:00]} 5. O-O {[%clk 1:32:00]} d6 {[%clk 1:32:00]} 6. a4 {[%clk
1:32:00]} Nbd7 {[%clk 1:29:00]} 7. a5 {[%clk 1:31:00]} a6 {[%clk 1:28:00]} 8. Bf4
{[%clk 1:30:00]} Qe8 {[%clk 1:26:00]} 9. Qc1 {[%clk 1:17:00]} e5 {[%clk 1:22:00]}
10. dxe5 {[%clk 1:17:00]} dxe5 {[%clk 1:23:00]} 11. Bh6 {[%clk 1:17:00]} e4
{[%clk 1:20:00]} 12. Nd4 {[%clk 1:11:00]} Qe5 {[%clk 1:20:00]} 13. Bxg7 {[%clk
1:11:00]} Kxg7 {[%clk 1:21:00]} 14. e3 {[%clk 1:08:00]} Nc5 {[%clk 1:16:00]} 15.
Nd2 {[%clk 1:03:00]} Ne6 {[%clk 1:13:00]} 16. Ne2 {[%clk 0:56:00]} Re8 {[%clk
1:10:00]} 17. Qb1 {[%clk 0:49:00]} Ng5 {[%clk 1:07:00]} 18. Nf4 {[%clk 0:47:00]}
Bg4 {[%clk 1:06:00]} 19. h3 {[%clk 0:35:00]} Bf5 {[%clk 0:58:00]} 20. Kh2 {[%clk
0:31:00]} h5 {[%clk 0:56:00]} 21. Nc4 {[%clk 0:29:00]} Qc5 {[%clk 0:54:00]} 22.
Qa2 {[%clk 0:27:00]} Be6 {[%clk 0:52:00]} 23. Nxe6+ {[%clk 0:27:00]} Rxe6 {[%clk
0:52:00]} 24. Rad1 {[%clk 0:25:00]} Qf5 {[%clk 0:51:00]} 25. Qb3 {[%clk 0:22:00]}
Rh8 {[%clk 0:41:00]} 26. Qxb7 {[%clk 0:17:40]} Ng4+ {[%clk 0:34:00]} 27. Kg1
{[%clk 0:17:32]} Nf3+ {[%clk 0:34:00]} 28. Bxf3 {[%clk 0:15:34]} Qxf3 {[%clk
0:32:00]} 29. Qxc7 {[%clk 0:14:47]} Nxf2 {[%clk 0:30:00]} 30. Nd2 {[%clk
0:12:22]} Nxh3+ {[%clk 0:29:00]} 31. Kh2 {[%clk 0:12:32]} Qg4 {[%clk 0:29:00]}
32. Qxf7+ {[%clk 0:11:16]} Kh6 {[%clk 0:29:00]} 33. Rf6 {[%clk 0:09:19]} Re5
{[%clk 0:25:00]} 34. Nf1 {[%clk 0:04:45]} Rh7 {[%clk 0:15:29]} 35. Qf8+ {[%clk
0:04:09]} Rg7 {[%clk 0:15:51]} 36. Qh8+ {[%clk 0:04:10]} Rh7 {[%clk 0:16:16]} 37.
Qf8+ {[%clk 0:03:45]} Rg7 {[%clk 0:16:41]} 38. Rf7 {[%clk 0:03:25]} Rc5 {[%clk
0:14:30]} 39. Qxg7+ {[%clk 0:03:27]} Kg5 {[%clk 0:14:59]} 40. Rd2 {[%clk
0:01:27]} Rf5 {[%clk 0:14:38]} 41. Rxf5+ {[%clk 0:01:25]} Qxf5 {[%clk 0:15:07]}
42. Qe7+ {[%clk 0:01:17]} Kh6 {[%clk 0:15:35]} 43. Qh4 {[%clk 0:00:39]} Ng5
{[%clk 0:15:17]} 44. Qf4 {[%clk 0:00:40]} Qb5 {[%clk 0:13:51]} 45. Kg2 {[%clk
0:00:33]} Kh7 {[%clk 0:12:55]} 46. Qc7+ {[%clk 0:00:42]} Kh6 {[%clk 0:13:24]} 47.
Qf4 {[%clk 0:00:56]} Kh7 {[%clk 0:13:52]} 48. Qc7+ {[%clk 0:01:08]} Kh6 {[%clk
0:14:21]} 49. Qb6 {[%clk 0:01:20]} Qf5 {[%clk 0:14:49]} 50. Rd6 {[%clk 0:01:07]}
Qf3+ {[%clk 0:14:48]} 51. Kg1 {[%clk 0:01:05]} Nh3+ {[%clk 0:15:14]} 52. Kh2
{[%clk 0:01:25]} Qf2+ {[%clk 0:15:37]} 53. Kxh3 {[%clk 0:01:52]} Qxf1+ {[%clk
0:15:37]} 1/2-1/2

[Event "Campeonato España Sub 14"]
[Site "Salobreña"]
[Date "2017.07.21"]
[Round "8"]
[White "Alvarez Albiol, Victor"]
[Black "Dominguez Laguna, Eduard"]
[Result "1-0"]
[Board "11"]
[WhiteClock "n/a"]
[WhiteElo "1921"]
[WhiteCountry "ESP"]
[WhiteFideId "32065930"]
[WhiteEloChange "7"]
[BlackClock "n/a"]
[BlackElo "1807"]
[BlackCountry "ESP"]
[BlackFideId "24591742"]
[BlackEloChange "-7"]

1. e4 {[%clk 1:30:30]} e5 {[%clk 1:30:30]} 2. Nf3 {[%clk 1:30:30]} Nc6 {[%clk
1:30:30]} 3. Bb5 {[%clk 1:30:30]} Nge7 {[%clk 1:30:30]} 4. Nc3 {[%clk 1:30:30]}
g6 {[%clk 1:30:30]} 5. d4 {[%clk 1:30:30]} exd4 {[%clk 1:30:30]} 6. Nd5 {[%clk
1:30:30]} Bg7 {[%clk 1:30:30]} 7. Bg5 {[%clk 1:30:30]} h6 {[%clk 1:30:30]} 8. Bf6
{[%clk 1:30:30]} Bxf6 {[%clk 1:30:30]} 9. Nxf6+ {[%clk 1:30:30]} Kf8 {[%clk
1:30:30]} 10. Qd2 {[%clk 1:30:30]} a6 {[%clk 1:30:30]} 11. Bc4 {[%clk 1:30:30]}
d6 {[%clk 1:30:30]} 12. O-O-O {[%clk 1:30:30]} b5 {[%clk 1:30:30]} 13. Be2 {[%clk
1:30:30]} Rb8 {[%clk 1:30:30]} 14. Nxd4 {[%clk 1:30:30]} Kg7 {[%clk 1:30:30]} 15.
Nd5 {[%clk 1:30:30]} Bb7 {[%clk 1:30:30]} 16. Qc3 {[%clk 1:30:30]} Nxd5 {[%clk
1:30:30]} 17. Ne6+ {[%clk 1:30:30]} 1-0

[Event "Campeonato España Sub 14"]
[Site "Salobreña"]
[Date "2017.07.21"]
[Round "8"]
[White "Moya Nunez, Salvador"]
[Black "Barragan Arriaza, Pablo"]
[Result "1/2-1/2"]
[Board "12"]
[WhiteClock "1:30"]
[WhiteElo "1792"]
[WhiteCountry "ESP"]
[WhiteFideId "24519790"]
[WhiteEloChange "3"]
[BlackClock "1:30"]
[BlackElo "1916"]
[BlackCountry "ESP"]
[BlackFideId "32057130"]
[BlackEloChange "-3"]

1. e4 {[%clk 1:30:00]} e5 {[%clk 1:30:00]} 2. Nc3 {[%clk 1:31:00]} Nf6 {[%clk
1:31:00]} 3. g3 {[%clk 1:31:00]} Bc5 {[%clk 1:31:00]} 4. Bg2 {[%clk 1:31:00]} Nc6
{[%clk 1:31:00]} 5. Nge2 {[%clk 1:31:00]} a5 {[%clk 1:31:00]} 6. O-O {[%clk
1:31:00]} h5 {[%clk 1:30:00]} 7. d3 {[%clk 1:27:00]} h4 {[%clk 1:29:00]} 8. Bg5
{[%clk 1:23:00]} hxg3 {[%clk 1:28:00]} 9. hxg3 {[%clk 1:24:00]} d6 {[%clk
1:29:00]} 10. Qd2 {[%clk 1:15:00]} Bg4 {[%clk 1:18:00]} 11. Nd5 {[%clk 1:11:00]}
Nb4 {[%clk 1:15:00]} 12. c3 {[%clk 1:04:00]} Nbxd5 {[%clk 1:11:00]} 13. exd5
{[%clk 1:04:00]} Qd7 {[%clk 1:09:00]} 14. Bxf6 {[%clk 0:55:00]} gxf6 {[%clk
1:09:00]} 15. d4 {[%clk 0:54:00]} Bb6 {[%clk 1:09:00]} 16. f3 {[%clk 0:45:00]}
Bh3 {[%clk 1:08:00]} 17. Rad1 {[%clk 0:33:00]} O-O-O {[%clk 1:06:00]} 18. Bxh3
{[%clk 0:32:00]} Qxh3 {[%clk 1:07:00]} 19. Kf2 {[%clk 0:32:00]} Qh2+ {[%clk
1:07:00]} 20. Ke3 {[%clk 0:27:00]} exd4+ {[%clk 0:59:00]} 21. cxd4 {[%clk
0:27:00]} Qh7 {[%clk 0:53:00]} 22. Qd3 {[%clk 0:25:00]} Qh6+ {[%clk 0:51:00]} 23.
f4 {[%clk 0:25:00]} Rde8+ {[%clk 0:50:00]} 24. Kd2 {[%clk 0:25:00]} Qh5 {[%clk
0:46:00]} 25. Nc3 {[%clk 0:25:00]} Qh2+ {[%clk 0:44:00]} 26. Kc1 {[%clk 0:25:00]}
Rhg8 {[%clk 0:41:00]} 27. Ne4 {[%clk 0:24:00]} Rg6 {[%clk 0:35:00]} 28. Rf2
{[%clk 0:22:00]} Qh3 {[%clk 0:31:00]} 29. Re2 {[%clk 0:18:45]} Reg8 {[%clk
0:28:00]} 30. Rde1 {[%clk 0:12:19]} Kb8 {[%clk 0:28:00]} 31. Re3 {[%clk 0:12:19]}
1/2-1/2

[Event "Campeonato España Sub 14"]
[Site "Salobreña"]
[Date "2017.07.21"]
[Round "8"]
[White "Escartin Lacasa, Jose"]
[Black "Ponseti Lluch, Joan"]
[Result "1-0"]
[Board "13"]
[WhiteClock "1:30"]
[WhiteElo "1906"]
[WhiteCountry "ESP"]
[WhiteFideId "32080042"]
[WhiteEloChange "3"]
[BlackClock "1:30"]
[BlackElo "1633"]
[BlackCountry "ESP"]
[BlackFideId "32088345"]
[BlackEloChange "-3"]

1. d4 {[%clk 1:30:00]} Nf6 {[%clk 1:30:00]} 2. Nf3 {[%clk 1:30:00]} e6 {[%clk
1:31:00]} 3. Bf4 {[%clk 1:31:00]} c5 {[%clk 1:31:00]} 4. e3 {[%clk 1:31:00]} d5
{[%clk 1:31:00]} 5. Nbd2 {[%clk 1:31:00]} Nc6 {[%clk 1:31:00]} 6. c3 {[%clk
1:31:00]} Bd6 {[%clk 1:31:00]} 7. Bg3 {[%clk 1:31:00]} O-O {[%clk 1:31:00]} 8.
Bd3 {[%clk 1:32:00]} b6 {[%clk 1:30:00]} 9. Ne5 {[%clk 1:32:00]} Bb7 {[%clk
1:30:00]} 10. f4 {[%clk 1:31:00]} Ne7 {[%clk 1:30:00]} 11. Qf3 {[%clk 1:29:00]}
Nf5 {[%clk 1:29:00]} 12. Bf2 {[%clk 1:29:00]} Be7 {[%clk 1:29:00]} 13. Ng4 {[%clk
1:11:00]} Ne8 {[%clk 1:13:00]} 14. h4 {[%clk 0:58:00]} a5 {[%clk 1:06:00]} 15. h5
{[%clk 0:56:00]} Ba6 {[%clk 1:06:00]} 16. Ne5 {[%clk 0:42:00]} Bxd3 {[%clk
1:02:00]} 17. Nxd3 {[%clk 0:43:00]} c4 {[%clk 1:02:00]} 18. Ne5 {[%clk 0:43:00]}
Nf6 {[%clk 1:00:00]} 19. g4 {[%clk 0:42:00]} Nd6 {[%clk 1:01:00]} 20. Nc6 {[%clk
0:41:00]} Qc7 {[%clk 1:00:00]} 21. Nxe7+ {[%clk 0:41:00]} Qxe7 {[%clk 1:01:00]}
22. Bh4 {[%clk 0:42:00]} b5 {[%clk 0:57:00]} 23. Qh3 {[%clk 0:41:00]} b4 {[%clk
0:53:00]} 24. h6 {[%clk 0:41:00]} g6 {[%clk 0:53:00]} 25. Bg5 {[%clk 0:41:00]}
bxc3 {[%clk 0:52:00]} 26. bxc3 {[%clk 0:41:00]} Nde4 {[%clk 0:47:00]} 27. Nxe4
{[%clk 0:42:00]} dxe4 {[%clk 0:48:00]} 28. Qh4 {[%clk 0:42:00]} Qa3 {[%clk
0:48:00]} 29. Bxf6 {[%clk 0:41:00]} Qxc3+ {[%clk 0:48:00]} 30. Kf2 {[%clk
0:40:00]} Rab8 {[%clk 0:45:00]} 31. Rae1 {[%clk 0:39:00]} Rb2+ {[%clk 0:45:00]}
32. Kg3 {[%clk 0:38:00]} Rxa2 {[%clk 0:41:00]} 33. Be7 {[%clk 0:37:00]} Qd2
{[%clk 0:39:00]} 34. Qf6 {[%clk 0:36:00]} Qf2+ {[%clk 0:36:00]} 35. Kh3 {[%clk
0:36:00]} 1-0

[Event "Campeonato España Sub 14"]
[Site "Salobreña"]
[Date "2017.07.21"]
[Round "8"]
[White "Amador Garcia, Ismael"]
[Black "Bermudez Revuelta, Paula"]
[Result "0-1"]
[Board "14"]
[WhiteClock "1:30"]
[WhiteElo "1877"]
[WhiteCountry "ESP"]
[WhiteFideId "32040920"]
[WhiteEloChange "-13"]
[BlackClock "1:30"]
[BlackElo "1752"]
[BlackCountry "ESP"]
[BlackFideId "32073623"]
[BlackEloChange "13"]

1. e4 {[%clk 1:30:00]} c5 {[%clk 1:30:00]} 2. c3 {[%clk 1:31:00]} Nf6 {[%clk
1:31:00]} 3. e5 {[%clk 1:31:00]} Nd5 {[%clk 1:31:00]} 4. Nf3 {[%clk 1:31:00]} Nc6
{[%clk 1:31:00]} 5. Bc4 {[%clk 1:31:00]} Nb6 {[%clk 1:30:00]} 6. Bb3 {[%clk
1:31:00]} e6 {[%clk 1:30:00]} 7. O-O {[%clk 1:29:00]} d6 {[%clk 1:29:00]} 8. exd6
{[%clk 1:29:00]} Bxd6 {[%clk 1:29:00]} 9. d4 {[%clk 1:20:00]} cxd4 {[%clk
1:28:00]} 10. cxd4 {[%clk 1:19:00]} O-O {[%clk 1:23:00]} 11. Nc3 {[%clk 1:18:00]}
e5 {[%clk 1:16:00]} 12. Bg5 {[%clk 1:04:00]} Qd7 {[%clk 1:12:00]} 13. d5 {[%clk
0:55:00]} Ne7 {[%clk 1:09:00]} 14. a4 {[%clk 0:50:00]} Qd8 {[%clk 0:52:00]} 15.
a5 {[%clk 0:38:00]} Nd7 {[%clk 0:52:00]} 16. Ne4 {[%clk 0:36:00]} Nc5 {[%clk
0:49:00]} 17. Nxc5 {[%clk 0:35:00]} Bxc5 {[%clk 0:50:00]} 18. Nxe5 {[%clk
0:33:00]} Qc7 {[%clk 0:48:00]} 19. Qe2 {[%clk 0:28:00]} h6 {[%clk 0:47:00]} 20.
Bf4 {[%clk 0:26:00]} Bd6 {[%clk 0:46:00]} 21. Rac1 {[%clk 0:26:00]} Qd8 {[%clk
0:45:00]} 22. Rfd1 {[%clk 0:25:00]} Nf5 {[%clk 0:40:00]} 23. Qh5 {[%clk 0:05:45]}
Qf6 {[%clk 0:34:00]} 24. Re1 {[%clk 0:04:37]} Nd4 {[%clk 0:32:00]} 25. Rc4 {[%clk
0:04:19]} Nxb3 {[%clk 0:31:00]} 26. Re3 {[%clk 0:04:48]} Nxa5 {[%clk 0:26:00]}
27. Ra4 {[%clk 0:05:17]} b6 {[%clk 0:27:00]} 28. Rg3 {[%clk 0:05:38]} Kh7 {[%clk
0:25:00]} 29. Rf3 {[%clk 0:01:33]} Bxe5 {[%clk 0:22:00]} 30. Be3 {[%clk 0:00:51]}
Qg6 {[%clk 0:20:00]} 31. Qxe5 {[%clk 0:00:32]} Qb1+ {[%clk 0:20:00]} 0-1

[Event "Campeonato España Sub 14"]
[Site "Salobreña"]
[Date "2017.07.21"]
[Round "8"]
[White "Garcia Gimenez, Santiago"]
[Black "Sanabria Taskila, Jenny Maria"]
[Result "1-0"]
[Board "15"]
[WhiteClock "1:30"]
[WhiteElo "2064"]
[WhiteCountry "ESP"]
[WhiteFideId "32063350"]
[WhiteEloChange "2"]
[BlackClock "1:30"]
[BlackElo "1674"]
[BlackCountry "ESP"]
[BlackFideId "32066139"]
[BlackEloChange "-2"]

1. e4 {[%clk 1:30:00]} c5 {[%clk 1:30:00]} 2. Nf3 {[%clk 1:31:00]} e6 {[%clk
1:31:00]} 3. d4 {[%clk 1:31:00]} cxd4 {[%clk 1:31:00]} 4. Nxd4 {[%clk 1:31:00]}
a6 {[%clk 1:31:00]} 5. Nc3 {[%clk 1:31:00]} b5 {[%clk 1:31:00]} 6. Bd3 {[%clk
1:30:00]} Bb7 {[%clk 1:31:00]} 7. O-O {[%clk 1:29:00]} d6 {[%clk 1:30:00]} 8. Re1
{[%clk 1:28:00]} Nd7 {[%clk 1:30:00]} 9. Kh1 {[%clk 1:27:00]} Ngf6 {[%clk
1:28:00]} 10. f4 {[%clk 1:27:00]} Qc7 {[%clk 1:27:00]} 11. Qf3 {[%clk 1:24:00]}
g6 {[%clk 1:24:00]} 12. Qh3 {[%clk 1:23:00]} Nc5 {[%clk 1:20:00]} 13. f5 {[%clk
1:19:00]} e5 {[%clk 1:17:00]} 14. Bg5 {[%clk 1:16:00]} Nfd7 {[%clk 1:11:00]} 15.
fxg6 {[%clk 1:10:00]} f6 {[%clk 1:06:00]} 16. Ne6 {[%clk 1:10:00]} 1-0

[Event "Campeonato España Sub 14"]
[Site "Salobreña"]
[Date "2017.07.21"]
[Round "8"]
[White "Diaz Mino, Pablo"]
[Black "Povill Claros, Laura"]
[Result "1-0"]
[Board "16"]
[WhiteClock "1:30"]
[WhiteElo "2047"]
[WhiteCountry "ESP"]
[WhiteFideId "24520470"]
[WhiteEloChange "4"]
[BlackClock "1:30"]
[BlackElo "1831"]
[BlackCountry "ESP"]
[BlackFideId "32065957"]
[BlackEloChange "-4"]

1. d4 {[%clk 1:30:00]} Nf6 {[%clk 1:30:00]} 2. c4 {[%clk 1:31:00]} g6 {[%clk
1:31:00]} 3. Nc3 {[%clk 1:31:00]} d5 {[%clk 1:31:00]} 4. e3 {[%clk 1:30:00]} Bg7
{[%clk 1:31:00]} 5. cxd5 {[%clk 1:30:00]} Nxd5 {[%clk 1:31:00]} 6. Nxd5 {[%clk
1:30:00]} Qxd5 {[%clk 1:31:00]} 7. Ne2 {[%clk 1:30:00]} O-O {[%clk 1:30:00]} 8.
Nc3 {[%clk 1:29:00]} Qd8 {[%clk 1:29:00]} 9. Be2 {[%clk 1:28:00]} c5 {[%clk
1:26:00]} 10. d5 {[%clk 1:28:00]} a6 {[%clk 1:19:00]} 11. a4 {[%clk 1:26:00]} Qc7
{[%clk 1:18:00]} 12. O-O {[%clk 1:26:00]} Rd8 {[%clk 1:16:00]} 13. e4 {[%clk
1:23:00]} Nd7 {[%clk 1:12:00]} 14. Be3 {[%clk 1:20:00]} b6 {[%clk 1:07:00]} 15.
Qc2 {[%clk 1:15:00]} Nf6 {[%clk 1:03:00]} 16. Rad1 {[%clk 1:04:00]} Bb7 {[%clk
1:01:00]} 17. Bf3 {[%clk 0:49:00]} Bc8 {[%clk 0:47:00]} 18. a5 {[%clk 0:41:00]}
b5 {[%clk 0:35:00]} 19. b4 {[%clk 0:39:00]} cxb4 {[%clk 0:21:00]} 20. Bb6 {[%clk
0:39:00]} Qxc3 {[%clk 0:21:00]} 21. Qxc3 {[%clk 0:40:00]} bxc3 {[%clk 0:21:00]}
22. Bxd8 {[%clk 0:40:00]} Kf8 {[%clk 0:20:00]} 23. d6 {[%clk 0:40:00]} exd6
{[%clk 0:20:00]} 24. e5 {[%clk 0:39:00]} Ra7 {[%clk 0:11:40]} 25. exf6 {[%clk
0:37:00]} Bh6 {[%clk 0:11:01]} 26. Rxd6 {[%clk 0:35:00]} Rd7 {[%clk 0:05:34]} 27.
Be7+ {[%clk 0:35:00]} 1-0

[Event "Campeonato España Sub 14"]
[Site "Salobreña"]
[Date "2017.07.21"]
[Round "8"]
[White "Guillo Longares, Cecilia"]
[Black "Galvan Cipriani, Viviana"]
[Result "0-1"]
[Board "17"]
[WhiteClock "1:30"]
[WhiteElo "1997"]
[WhiteCountry "ESP"]
[WhiteFideId "32082681"]
[WhiteEloChange "-15"]
[BlackClock "1:30"]
[BlackTitle "WFM"]
[BlackElo "1784"]
[BlackCountry "ESP"]
[BlackFideId "32041144"]
[BlackEloChange "15"]

1. d4 {[%clk 1:30:00]} c5 {[%clk 1:30:00]} 2. d5 {[%clk 1:31:00]} e5 {[%clk
1:30:00]} 3. e4 {[%clk 1:31:00]} d6 {[%clk 1:30:00]} 4. Nc3 {[%clk 1:31:00]} Nf6
{[%clk 1:30:00]} 5. f4 {[%clk 1:31:00]} exf4 {[%clk 1:30:00]} 6. Bxf4 {[%clk
1:31:00]} a6 {[%clk 1:25:00]} 7. a4 {[%clk 1:32:00]} Bg4 {[%clk 1:24:00]} 8. Be2
{[%clk 1:31:00]} Bxe2 {[%clk 1:25:00]} 9. Qxe2 {[%clk 1:32:00]} Be7 {[%clk
1:24:00]} 10. Nf3 {[%clk 1:32:00]} Nbd7 {[%clk 1:23:00]} 11. O-O {[%clk 1:31:00]}
O-O {[%clk 1:22:00]} 12. a5 {[%clk 1:29:00]} Nh5 {[%clk 1:19:00]} 13. Be3 {[%clk
1:28:00]} g6 {[%clk 1:18:00]} 14. Nd2 {[%clk 1:26:00]} Ne5 {[%clk 1:14:00]} 15.
Nc4 {[%clk 1:22:00]} Nxc4 {[%clk 1:12:00]} 16. Qxc4 {[%clk 1:23:00]} Bg5 {[%clk
1:12:00]} 17. Bxg5 {[%clk 1:15:00]} Qxg5 {[%clk 1:12:00]} 18. Rf3 {[%clk
1:15:00]} Ng7 {[%clk 1:10:00]} 19. Raf1 {[%clk 1:12:00]} f5 {[%clk 1:07:00]} 20.
Qe2 {[%clk 1:10:00]} Rfe8 {[%clk 1:00:00]} 21. Qf2 {[%clk 1:08:00]} Qe7 {[%clk
0:54:00]} 22. Re1 {[%clk 0:44:00]} Qc7 {[%clk 0:51:00]} 23. Rh3 {[%clk 0:36:00]}
Re5 {[%clk 0:45:00]} 24. Qh4 {[%clk 0:35:00]} Nh5 {[%clk 0:45:00]} 25. exf5
{[%clk 0:33:00]} Rxf5 {[%clk 0:44:00]} 26. g4 {[%clk 0:31:00]} Rf4 {[%clk
0:40:00]} 27. Qg5 {[%clk 0:20:00]} Qc8 {[%clk 0:37:00]} 28. Rh4 {[%clk 0:16:55]}
h6 {[%clk 0:32:00]} 29. Qxg6+ {[%clk 0:17:05]} Ng7 {[%clk 0:32:00]} 30. Ne4
{[%clk 0:13:59]} c4 {[%clk 0:18:37]} 31. Nf6+ {[%clk 0:05:48]} Rxf6 {[%clk
0:11:56]} 32. Qxf6 {[%clk 0:06:09]} Qc5+ {[%clk 0:12:20]} 33. Qf2 {[%clk
0:06:13]} Qxa5 {[%clk 0:09:25]} 34. Rxh6 {[%clk 0:02:33]} Qxd5 {[%clk 0:09:22]}
35. Qe3 {[%clk 0:01:09]} Re8 {[%clk 0:07:49]} 36. Qf2 {[%clk 0:01:03]} Rc8 {[%clk
0:06:04]} 37. Rf6 {[%clk 0:00:40]} b5 {[%clk 0:05:01]} 38. Rf1 {[%clk 0:00:48]}
Qe4 {[%clk 0:03:03]} 39. Rf4 {[%clk 0:00:52]} Qa8 {[%clk 0:03:14]} 40. Rf7 {[%clk
0:00:43]} Qe4 {[%clk 0:03:31]} 41. h3 {[%clk 0:01:12]} Qe5 {[%clk 0:02:23]} 42.
c3 {[%clk 0:00:40]} a5 {[%clk 0:02:14]} 43. Re1 {[%clk 0:00:39]} Qc5 {[%clk
0:00:46]} 44. Qxc5 {[%clk 0:00:36]} dxc5 {[%clk 0:01:04]} 45. Ra7 {[%clk
0:00:44]} a4 {[%clk 0:00:38]} 46. Rb7 {[%clk 0:00:37]} b4 {[%clk 0:00:55]} 47.
Ra7 {[%clk 0:00:55]} a3 {[%clk 0:00:49]} 48. bxa3 {[%clk 0:01:18]} b3 {[%clk
0:01:14]} 49. Rb7 {[%clk 0:01:17]} Ra8 {[%clk 0:00:48]} 50. Ree7 {[%clk 0:00:35]}
Ne8 {[%clk 0:01:01]} 51. Kf2 {[%clk 0:00:33]} Nd6 {[%clk 0:01:13]} 52. Rb6 {[%clk
0:00:34]} Nc8 {[%clk 0:01:21]} 53. Rg6+ {[%clk 0:00:59]} Kf8 {[%clk 0:01:16]} 54.
Rc7 {[%clk 0:01:04]} Rb8 {[%clk 0:00:38]} 55. Rh6 {[%clk 0:00:33]} Ne7 {[%clk
0:00:40]} 56. Rh8+ {[%clk 0:00:32]} Ng8 {[%clk 0:00:58]} 57. Rhh7 {[%clk
0:00:32]} 0-1